Turkic Languages - Statistics

General Stats
  • This quiz has been taken 43 times
  • The average score is 28 of 41
Answer Stats
Branch Branch Answer % Correct
Eastern Chagatai
100%
Southern Turkish Turkish
100%
Western Aralo-Caspian Kazakh
97%
Western Aralo-Caspian Kyrgyz
97%
Southern Azerbaijani North Azerbaijani
97%
Eastern Northern Uzbek
97%
Southern Azerbaijani South Azerbaijani
97%
Eastern Southern Uzbek
97%
Western Uralian Tatar
97%
Southern Turkmenian Turkmen
89%
Southern Crimean Tatar
81%
Eastern Uyghur
81%
Northern Northern Altai
78%
Northern Southern Altai
78%
Western Uralian Bashkort
76%
Bolgar Chuvash
76%
Southern Turkish Gagauz
73%
Northern Tuvan
70%
Northern Yakut
70%
Western Aralo-Caspian Karakalpak
68%
Western Aralo-Caspian Nogai
68%
Western Ponto-Caspian Karachay-Balkar
65%
Northern Dolgan
59%
Northern Khakas
59%
Western Ponto-Caspian Kumyk
59%
Southern Kashkay
57%
Eastern Ili Turki
54%
Western Ponto-Caspian Krimchak
54%
Western Uralian Siberian Tatar
54%
Eastern Ainu
51%
Northern Shor
49%
Eastern West Yugur
49%
Western Uralian Chulym
46%
Western Ponto-Caspian Karaim
46%
Southern Khalaj
46%
Southern Turkish Khorasani Turkish
46%
Southern Salar
46%
Urum
46%
Southern Turkish Balkan Gagauz Turkish
41%
Northern Karagas
41%
Western Aralo-Caspian Kuman
27%
No matching quizzes found
Score Distribution
Percent of People with Each Score
Percentile by Number Answered
Your Score History
You have not taken this quiz